[Event "ISL-chT 1617"]
[Site "Reykjavik"]
[Date "2017.03.03"]
[Round "7.3"]
[White "Gunnlaugsson, Gisli"]
[Black "Ptacnikova, Lenka"]
[Result "0-1"]
[WhiteElo "1847"]
[BlackElo "2159"]
[PlyCount "78"]
[EventDate "2016.09.29"]
[EventType "team-tourn"]
[EventRounds "9"]
[EventCountry "ISL"]
[SourceTitle "EXT 2018"]
[Source "ChessBase"]
[SourceDate "2017.10.13"]
[SourceVersion "1"]
[SourceVersionDate "2017.10.13"]
[SourceQuality "1"]
[WhiteTeam "Bolungarvik"]
[BlackTeam "Huginn II"]
[WhiteTeamCountry "ISL"]
[BlackTeamCountry "ISL"]

1. e4 d6 2. d4 Nf6 3. Nc3 e5 4. dxe5 dxe5 5. Qxd8+ Kxd8 6. Bc4 Be6 7. Bxe6 fxe6 8. Bd2 Bc5 9. f3 c6 10. 0-0-0 Ke7 11. h4 Nbd7 12. Nge2 b5 13. Kb1 Nb6 14. Nc1 Nc4 15. N3e2 a5 16. Nd3 Nxd2+ 17. Rxd2 Rhd8 18. Rdd1 Bd6 19. c3 c5 20. f4 Ng4 21. fxe5 Nxe5 22. Nxe5 Bxe5 23. Kc2 Rxd1 24. Kxd1 Rd8+ 25. Ke1 Rd3 26. Rh3 Rxh3 27. gxh3 Bf6 28. h5 Bh4+ 29. Kf1 Kf6 30. Kg2 Kg5 31. Kf3 e5 32. b4 axb4 33. cxb4 cxb4 34. Nc1 Be1 35. Nd3 Bc3 36. Nc5 Kxh5 37. Ne6 g5 38. Nc7 Kh4 39. Nxb5 Kxh3 0-1

[Event "ISL-chT 1516"]
[Site "Reykjavik"]
[Date "2016.03.03"]
[Round "6.2"]
[White "Gunnlaugsson, Gisli"]
[Black "Olafsson, Sigurdur"]
[Result "0-1"]
[WhiteElo "1856"]
[BlackElo "2018"]
[PlyCount "114"]
[EventDate "2015.09.24"]
[EventType "team-tourn"]
[EventRounds "9"]
[EventCountry "ISL"]
[SourceTitle "EXT 2017"]
[Source "ChessBase"]
[SourceDate "2016.10.25"]
[SourceVersion "1"]
[SourceVersionDate "2016.10.25"]
[SourceQuality "1"]
[WhiteTeam "Bolungarvik"]
[BlackTeam "Akureyri II"]
[WhiteTeamCountry "ISL"]
[BlackTeamCountry "ISL"]

1. e4 c5 2. Nf3 e6 3. d4 cxd4 4. Nxd4 a6 5. Nc3 Qc7 6. Be2 Nf6 7. a3 Be7 8. Be3 0-0 9. Qd2 Nc6 10. f4 d6 11. Nxc6 bxc6 12. 0-0 Rb8 13. b4 Rd8 14. Rfd1 Bb7 15. Bf3 Nd7 16. Na4 c5 17. bxc5 Nxc5 18. Nxc5 dxc5 19. Qf2 Qa5 20. Bd2 Qa4 21. Qe3 Qxc2 22. Ba5 Rxd1+ 23. Rxd1 Qa4 24. Bc7 Rc8 25. Bd6 Bxd6 26. Rxd6 Qa5 27. Qd2 Qxd2 28. Rxd2 Bc6 29. Rc2 Bb5 30. Kf2 Kf8 31. Ke3 Ke7 32. e5 Rc7 33. g4 g6 34. Be4 Ba4 35. Rc3 Bb5 36. h4 Bd7 37. Rb3 Bb5 38. Rc3 Kd7 39. f5 exf5 40. gxf5 Ke7 41. Kf4 Bd7 42. fxg6 hxg6 43. Bd5 Be6 44. Bf3 c4 45. h5 gxh5 46. Bxh5 Rb7 47. Ke4 Kd7 48. Kd4 Rb2 49. Bf3 Rd2+ 50. Kc5 Kc7 51. Be4 Re2 52. Kd4 Kb6 53. Bf3 Rd2+ 54. Ke3 Rd7 55. Be2 Kc5 56. Bf3 Rd8 57. Be4 Rh8 0-1

[Event "Reykjavik Skakmot Odlinga op"]
[Site "Reykjavik"]
[Date "2009.04.08"]
[Round "1"]
[White "Gunnlaugsson, Gisli"]
[Black "Halldorsson, Bragi"]
[Result "0-1"]
[WhiteElo "1830"]
[BlackElo "2238"]
[PlyCount "74"]
[EventDate "2009.04.08"]
[EventType "swiss"]
[EventRounds "7"]
[EventCountry "ISL"]
[SourceTitle "EXT 2010"]
[Source "ChessBase"]
[SourceDate "2010.11.25"]
[SourceVersion "1"]
[SourceVersionDate "2010.11.25"]
[SourceQuality "1"]

1. e4 c6 2. d4 d5 3. Nc3 dxe4 4. Nxe4 Bf5 5. Ng3 Bg6 6. Nf3 Nd7 7. c4 Ngf6 8. Bd2 e6 9. Bc3 Bd6 10. Ne5 Qc7 11. f4 0-0 12. c5 Bxe5 13. fxe5 Nd5 14. Qd2 b6 15. cxb6 axb6 16. Bd3 c5 17. Bxg6 fxg6 18. Rf1 cxd4 19. Rxf8+ Rxf8 20. Bxd4 Nxe5 21. Qe2 Nf7 22. Kf1 Nf4 23. Qe3 Qc6 24. Qe4 Qc4+ 25. Kg1 e5 26. Be3 Qb5 27. Bxf4 exf4 28. Qxf4 Qxb2 29. Qc1 Qd4+ 30. Kh1 Ne5 31. h3 Nd3 32. Qg1 Nf2+ 33. Kh2 h5 34. Nh1 Qe5+ 35. g3 Qb2 36. Nxf2 Rxf2+ 37. Kh1 Qe2 0-1